00438nam a2200145Ia 4500003000400000005001700004008004100021020001800062040000900080082002300089100002400112245011200136260003500248300000900283OSt20200103094619.0190216s9999||||xx |||||||||||||| ||und|| a9780141014319 coclc a330.9730929bSTI/R a Stiglitz, Joseph E 4aThe Roaring Nineties : why we're paying the price for the greediest decade in history /cJoseph E Stiglitz bPenguin Books,aLondon:c2003. a389p